| 000 | 00977nam0a22002411i 4500 | ||
|---|---|---|---|
| 001 | rc\472617 | ||
| 005 | 20240726045955.0 | ||
| 035 | _a(NLR Aleph) 005716132 | ||
| 090 |
_a7429432 _c7429432 |
||
| 100 | _a20030616d1987 u |0rusy50 ca | ||
| 101 | 0 | _arus | |
| 102 | _aRU | ||
| 105 | _aa ||||||||| | ||
| 200 | 1 |
_aПерспективный анализ себестоимости продукции _e(На примере предприятий пром-сти минер. удобрений УзССР) _eАвтореф. дис. на соиск. учен. степ. к. э. н. _fАлма-Ат. ин-т нар. хоз-ва |
|
| 210 |
_aАлма-Ата _d1987 |
||
| 215 |
_a[1], 16 с. _cил. |
||
| 320 | _aСписок работ авт.: с. 15-16 | ||
| 333 | _aДСП. Экз. № 04 | ||
| 700 | 1 |
_aКадырханов _bС.С. _gСаидахер Саидкаримович |
|
| 801 | 0 |
_aRU _bNLR _gpsbo |
|
| 801 | 1 |
_aRU _bELAR _2rusmarc |
|
| 852 |
_aNLR _j88-50К/3140 |
||
| 942 | _cBOOK | ||